00653nam a2200229Ia 4500003000900000008004100009040001300050040001300063041000800076100001700084245001700101250000900118260001200127260000900139300001100148300001000159490002300169490000800192942000700200999001700207952019900224IT-RoPAU120407s9999 xx 000 0 und d aIT-RoPAU cIT-RoPAU aita aEnzo Magnani aUrbanistica. aRoma aStudium c1959 a135 p. c17 cm aUniversale Studium v163 cBK c25369d25369 00102ddc406040_16300000000000071aPAULUSbPAULUSd2012-04-11l0o040.163r2012-04-11 00:00:00w2012-04-11yBKzInserito da: Jole In data: 12 settembre 2011 fondo: Via A.Severo 56 Progr:36377